[Event "OP-2022-0-05345"]
[Site "LSS email"]
[Date "2022.10.23"]
[Round "?"]
[White "Van Boven, Maarten"]
[Black "Kolanek, Sylwia"]
[Result "1/2-1/2"]
[WhiteElo "1822"]
[BlackElo "2092"]
[PlyCount "35"]
[EventDate "2022.10.16"]
[EventType "tourn (corr)"]
[EventRounds "4"]
[EventCountry "GER"]
[SourceTitle "Corr 2024"]
[Source "ChessBase"]
[SourceDate "2023.10.19"]
[SourceVersion "1"]
[SourceVersionDate "2023.10.19"]
[SourceQuality "1"]

1. d4 Nf6 2. c4 e6 3. Nf3 d5 4. g3 Bb4+ 5. Bd2 Be7 6. Bg2 c6 7. Qc2 0-0 8. 0-0 Nbd7 9. Bf4 b6 10. cxd5 cxd5 11. Rc1 Bb7 12. Bc7 Qe8 13. Qb3 Ne4 14. Nc3 Ndf6 15. Nb5 Bc6 16. a4 Ng4 17. Ne5 Nxe5 18. Bxe5 1/2-1/2

[Event "WC-2022-S-00006"]
[Site "LSS email"]
[Date "2022.06.21"]
[Round "?"]
[White "Koronowski, Juergen"]
[Black "Kolanek, Sylwia"]
[Result "1-0"]
[WhiteElo "2026"]
[BlackElo "2098"]
[PlyCount "127"]
[EventDate "2022.06.21"]
[EventType "tourn (corr)"]
[EventRounds "12"]
[EventCountry "GER"]
[SourceTitle "Corr 2024"]
[Source "ChessBase"]
[SourceDate "2023.10.19"]
[SourceVersion "1"]
[SourceVersionDate "2023.10.19"]
[SourceQuality "1"]

1. e4 e5 2. Nf3 Nc6 3. d4 exd4 4. Nxd4 Bc5 5. Nb3 Bb6 6. Nc3 Nf6 7. Qe2 0-0 8. Bg5 Ne5 9. f4 Neg4 10. 0-0-0 h6 11. Bxf6 Nxf6 12. e5 Ne8 13. h4 c6 14. g4 Qe7 15. Kb1 f6 16. g5 fxe5 17. fxe5 Rf5 18. Qh5 d5 19. exd6 Nxd6 20. Qg6 Nf7 21. gxh6 Ne5 22. Qxg7+ Qxg7 23. hxg7 Kxg7 24. Re1 Nf3 25. Re4 Re5 26. Be2 Rxe4 27. Nxe4 Ne5 28. Nbc5 Bf5 29. Rg1+ Kh8 30. Rg5 Bxe4 31. Nxe4 Nf7 32. Rg2 Ne5 33. h5 Be3 34. a4 Rg8 35. Rh2 b6 36. c3 Rf8 37. Rh3 Bh6 38. Nd6 Rf4 39. Re3 Rf1+ 40. Bxf1 Bxe3 41. Ba6 Kh7 42. Kc2 Bf2 43. Nf5 Nd7 44. b3 Bg1 45. Ne7 Ne5 46. Nc8 Kh6 47. Nxa7 Kxh5 48. Bb7 Kg6 49. Nxc6 Kf6 50. Nd4 Bf2 51. b4 Ke7 52. Be4 Kd6 53. Kd2 Kc7 54. Nb3 Bh4 55. a5 bxa5 56. Nxa5 Be7 57. Kc2 Kb6 58. Kb3 Nd7 59. Nc4+ Kc7 60. Ne3 Bc5 61. Nd5+ Kd6 62. c4 Bf2 63. Nc3 Kc7 64. Ka4 1-0

[Event "LSS No Engine Cup 223 Final"]
[Site "LSS email"]
[Date "2022.06.09"]
[Round "?"]
[White "Kelemen, Gyoergy"]
[Black "Kolanek, Sylwia"]
[Result "1/2-1/2"]
[WhiteElo "2270"]
[BlackElo "2201"]
[PlyCount "50"]
[EventDate "2022.06.09"]
[EventType "tourn (corr)"]
[EventRounds "6"]
[EventCountry "GER"]
[SourceTitle "Corr 2024"]
[Source "ChessBase"]
[SourceDate "2023.10.19"]
[SourceVersion "1"]
[SourceVersionDate "2023.10.19"]
[SourceQuality "1"]

1. c4 e5 2. g3 Nf6 3. Bg2 Bc5 4. d3 d5 5. cxd5 Nxd5 6. Nc3 Nb6 7. Bd2 0-0 8. Nf3 Nc6 9. 0-0 Re8 10. a3 a5 11. Rc1 h6 12. Ne4 Bf8 13. Nc5 Nd7 14. Be3 Nxc5 15. Bxc5 Nd4 16. Bxf8 Kxf8 17. e3 Nxf3+ 18. Bxf3 c6 19. Qb3 Qe7 20. Rfd1 Rd8 21. Qc3 Bh3 22. Be2 Kg8 23. Qc5 Qg5 24. Qb6 Qe7 25. Qc5 Qc7 1/2-1/2

[Event "LSS No Engine Cup 222 Final"]
[Site "LSS email"]
[Date "2022.05.25"]
[Round "?"]
[White "Kolanek, Sylwia"]
[Black "Henke, Simon"]
[Result "1-0"]
[WhiteElo "2201"]
[BlackElo "2089"]
[PlyCount "61"]
[EventDate "2022.05.25"]
[EventType "tourn (corr)"]
[EventRounds "6"]
[EventCountry "GER"]
[SourceTitle "Corr 2024"]
[Source "ChessBase"]
[SourceDate "2023.10.19"]
[SourceVersion "1"]
[SourceVersionDate "2023.10.19"]
[SourceQuality "1"]

1. d4 Nf6 2. c4 c5 3. d5 e6 4. Nc3 exd5 5. cxd5 d6 6. e4 g6 7. f4 Bg7 8. Bb5+ Nfd7 9. a4 0-0 10. Nf3 Na6 11. 0-0 Nb4 12. Re1 a6 13. Bf1 Re8 14. Bd2 Nf6 15. Bc4 Bg4 16. Rc1 Nd7 17. h3 Nb6 18. Bf1 Bd4+ 19. Kh1 Bxf3 20. Qxf3 Rb8 21. Qg3 Qe7 22. b3 Nd7 23. Bc4 b5 24. axb5 Bxc3 25. Rxc3 axb5 26. Bd3 Qf6 27. Bb1 Qd4 28. Re2 Nxd5 29. Rd3 Qa1 30. Re1 N5f6 31. Rxd6 1-0

[Event "LSS No Engine Cup 222 Final"]
[Site "LSS email"]
[Date "2022.05.25"]
[Round "?"]
[White "Kolanek, Sylwia"]
[Black "Van Bommel, Ton"]
[Result "1/2-1/2"]
[WhiteElo "2201"]
[BlackElo "2377"]
[PlyCount "43"]
[EventDate "2022.05.25"]
[EventType "tourn (corr)"]
[EventRounds "6"]
[EventCountry "GER"]
[SourceTitle "Corr 2024"]
[Source "ChessBase"]
[SourceDate "2023.10.19"]
[SourceVersion "1"]
[SourceVersionDate "2023.10.19"]
[SourceQuality "1"]

1. Nf3 d5 2. d4 c6 3. c4 Nf6 4. Nc3 e6 5. Bg5 h6 6. Bxf6 Qxf6 7. e3 g6 8. Be2 Bg7 9. 0-0 0-0 10. Ne5 c5 11. cxd5 cxd4 12. exd4 exd5 13. Bf3 Nc6 14. Re1 Qd6 15. Nb5 Qd8 16. Nc3 Qd6 17. Qd2 Ne7 18. Qf4 Qd8 19. h3 Be6 20. Rad1 Rc8 21. Bg4 Bf5 22. g3 1/2-1/2

[Event "LSS No Engine Cup 220 Final"]
[Site "LSS email"]
[Date "2022.02.19"]
[Round "?"]
[White "Huber, Karl"]
[Black "Kolanek, Sylwia"]
[Result "1/2-1/2"]
[WhiteElo "2050"]
[BlackElo "2172"]
[PlyCount "48"]
[EventDate "2022.02.19"]
[EventType "tourn (corr)"]
[EventRounds "6"]
[EventCountry "GER"]
[SourceTitle "Corr 2024"]
[Source "ChessBase"]
[SourceDate "2023.10.19"]
[SourceVersion "1"]
[SourceVersionDate "2023.10.19"]
[SourceQuality "1"]

1. e4 c5 2. Nf3 d6 3. d4 cxd4 4. Nxd4 Nf6 5. Nc3 a6 6. Be3 e5 7. Nb3 Be6 8. Qd3 Be7 9. Be2 0-0 10. 0-0 Nc6 11. Rfd1 h6 12. a3 Nd7 13. Rac1 Rc8 14. Bf1 f5 15. exf5 Bxf5 16. Qd2 Nf6 17. Nd5 Nxd5 18. Qxd5+ Kh8 19. Bd3 Bxd3 20. Qxd3 Bg5 21. Qxd6 Bxe3 22. fxe3 Qg5 23. Qd2 e4 24. Nd4 Rcd8 1/2-1/2

[Event "LSS No Engine Cup 220 Final"]
[Site "LSS email"]
[Date "2022.02.19"]
[Round "?"]
[White "Oliveira, Luiz"]
[Black "Kolanek, Sylwia"]
[Result "0-1"]
[WhiteElo "1927"]
[BlackElo "2172"]
[PlyCount "114"]
[EventDate "2022.02.19"]
[EventType "tourn (corr)"]
[EventRounds "6"]
[EventCountry "GER"]
[SourceTitle "Corr 2024"]
[Source "ChessBase"]
[SourceDate "2023.10.19"]
[SourceVersion "1"]
[SourceVersionDate "2023.10.19"]
[SourceQuality "1"]

1. e4 e5 2. Nf3 Nc6 3. d4 exd4 4. Nxd4 Nf6 5. Nxc6 bxc6 6. e5 Qe7 7. Qe2 Nd5 8. c4 Nb6 9. Nc3 Qe6 10. Qe4 Ba6 11. b3 0-0-0 12. Be2 f5 13. Qd4 c5 14. Qe3 g5 15. Bb2 Bg7 16. Qxc5 Bxe5 17. 0-0 d6 18. Qa5 Bb7 19. Bd3 f4 20. f3 g4 21. Nd5 Bxb2 22. Bf5 Bd4+ 23. Kh1 Bxd5 24. Bxe6+ Bxe6 25. Rae1 Be3 26. fxg4 Bxg4 27. b4 Kb8 28. c5 dxc5 29. bxc5 Rd5 30. Qc3 Bd4 31. Qb3 Bxc5 32. Rxf4 Bd7 33. Rf7 Bc6 34. Qg3 Rc8 35. Rg7 Bd6 36. Qc3 Rc5 37. Qd3 h5 38. h3 h4 39. Rg4 Bg3 40. Rd1 Kb7 41. a3 Rd5 42. Rd4 Re5 43. Rd8 Rxd8 44. Qxd8 Re2 45. Rg1 Ra2 46. Qd3 a5 47. Qb3 Bd5 48. Qc3 Bd6 49. Qd4 Bxa3 50. Ra1 Rxg2 51. Qxd5+ Nxd5 52. Kxg2 Bb4 53. Kf3 Ka6 54. Kg4 Bc3 55. Ra3 c5 56. Kxh4 c4 57. Ra2 Nb4 0-1

[Event "LSS No Engine Cup 221 Final"]
[Site "LSS email"]
[Date "2022.02.17"]
[Round "?"]
[White "Berk, Julian"]
[Black "Kolanek, Sylwia"]
[Result "1/2-1/2"]
[WhiteElo "2024"]
[BlackElo "2172"]
[PlyCount "39"]
[EventDate "2022.02.17"]
[EventType "tourn (corr)"]
[EventRounds "6"]
[EventCountry "GER"]
[SourceTitle "Corr 2024"]
[Source "ChessBase"]
[SourceDate "2023.10.19"]
[SourceVersion "1"]
[SourceVersionDate "2023.10.19"]
[SourceQuality "1"]

1. c4 c5 2. Nf3 Nc6 3. d4 cxd4 4. Nxd4 Nf6 5. Nc3 e6 6. e4 Bb4 7. Nxc6 bxc6 8. Bd3 e5 9. 0-0 0-0 10. Be3 Bxc3 11. bxc3 d6 12. c5 d5 13. exd5 Nxd5 14. Re1 Nxe3 15. Rxe3 Qd5 16. Bc2 Qxc5 17. Qh5 g6 18. Qxe5 Qxe5 19. Rxe5 a5 20. a4 1/2-1/2

[Event "LSS No Engine Cup 221 Final"]
[Site "LSS email"]
[Date "2022.02.17"]
[Round "?"]
[White "Sheers, Matthew"]
[Black "Kolanek, Sylwia"]
[Result "0-1"]
[WhiteElo "2279"]
[BlackElo "2172"]
[PlyCount "114"]
[EventDate "2022.02.17"]
[EventType "tourn (corr)"]
[EventRounds "6"]
[EventCountry "GER"]
[SourceTitle "Corr 2024"]
[Source "ChessBase"]
[SourceDate "2023.10.19"]
[SourceVersion "1"]
[SourceVersionDate "2023.10.19"]
[SourceQuality "1"]

1. d4 Nf6 2. Nf3 d5 3. e3 e6 4. Bd3 b6 5. Nbd2 Bb7 6. Qe2 c5 7. dxc5 bxc5 8. c4 Be7 9. 0-0 Nc6 10. b3 Nb4 11. Bb1 Nd7 12. e4 d4 13. e5 Qc7 14. Re1 g5 15. Ne4 g4 16. Nfg5 Qxe5 17. f4 Qg7 18. a3 Nc6 19. Ng3 0-0-0 20. Nh5 Qg8 21. Ne4 f5 22. Neg3 Nf8 23. Bd3 Qf7 24. Rb1 Rg8 25. b4 Rd7 26. b5 Nd8 27. a4 Rg6 28. a5 Ba8 29. a6 Rh6 30. b6 axb6 31. Rxb6 Rd6 32. Qb2 Nd7 33. Rxd6 Bxd6 34. a7 Bc7 35. Qa3 Nc6 36. Qa6+ Kd8 37. Bd2 Bb6 38. Bc2 Nb4 39. Bxb4 cxb4 40. c5 Bxc5 41. Bd3 Qf8 42. Rxe6 Rxe6 43. Qxe6 Qe7 44. Qg8+ Qe8 45. Qc4 Qe3+ 46. Kf1 Bxa7 47. Nxf5 Qd2 48. Nhg7 Qxg2+ 49. Ke1 Bd5 50. Ne6+ Bxe6 51. Qxe6 Qg1+ 52. Kd2 Qxh2+ 53. Kd1 Qg1+ 54. Kd2 Qf2+ 55. Kd1 Bc5 56. Ng7 Qe3 57. Qg8+ Bf8 0-1

[Event "OP-2021-0-05228"]
[Site "LSS email"]
[Date "2021.12.14"]
[Round "?"]
[White "Hoppe, Arnold"]
[Black "Kolanek, Sylwia"]
[Result "1/2-1/2"]
[WhiteElo "2014"]
[BlackElo "2087"]
[PlyCount "46"]
[EventDate "2021.12.14"]
[EventType "tourn (corr)"]
[EventRounds "4"]
[EventCountry "GER"]
[SourceTitle "Corr 2024"]
[Source "ChessBase"]
[SourceDate "2023.10.19"]
[SourceVersion "1"]
[SourceVersionDate "2023.10.19"]
[SourceQuality "1"]

1. Nf3 d5 2. d4 e6 3. c4 Nf6 4. Nc3 Be7 5. Bf4 0-0 6. e3 b6 7. Be2 dxc4 8. Bxc4 Bb7 9. 0-0 a6 10. Qe2 Nbd7 11. Rfd1 c5 12. dxc5 Bxc5 13. Ne5 Qe7 14. Nxd7 Nxd7 15. Bd3 Nf6 16. Rac1 Rfd8 17. Na4 Nd5 18. Nxc5 Nxf4 19. exf4 bxc5 20. Qh5 g6 21. Qxc5 Qxc5 22. Rxc5 Be4 23. Be2 Rxd1+ 1/2-1/2

[Event "RA-2021-0-00692"]
[Site "LSS email"]
[Date "2021.11.02"]
[Round "?"]
[White "Kolanek, Sylwia"]
[Black "Martin, Simone"]
[Result "1/2-1/2"]
[WhiteElo "2088"]
[BlackElo "1963"]
[PlyCount "36"]
[EventDate "2021.09.15"]
[EventType "tourn (corr)"]
[EventRounds "6"]
[EventCountry "GER"]
[SourceTitle "Corr 2024"]
[Source "ChessBase"]
[SourceDate "2023.10.19"]
[SourceVersion "1"]
[SourceVersionDate "2023.10.19"]
[SourceQuality "1"]

1. d4 Nf6 2. c4 e6 3. Nf3 b6 4. g3 Bb7 5. Bg2 Be7 6. Nc3 Ne4 7. Qc2 Nxc3 8. Qxc3 0-0 9. b3 c5 10. 0-0 Bf6 11. Bb2 d5 12. Qc2 Na6 13. cxd5 Qxd5 14. Ne1 Qd7 15. dxc5 Bxg2 16. Nxg2 Bxb2 17. Qxb2 Nxc5 18. Rfd1 Qe7 1/2-1/2

[Event "RA-2021-0-00692"]
[Site "LSS email"]
[Date "2021.11.02"]
[Round "?"]
[White "Ruano Casanova, Enrique"]
[Black "Kolanek, Sylwia"]
[Result "1/2-1/2"]
[WhiteElo "2040"]
[BlackElo "2088"]
[PlyCount "40"]
[EventDate "2021.09.15"]
[EventType "tourn (corr)"]
[EventRounds "6"]
[EventCountry "GER"]
[SourceTitle "Corr 2024"]
[Source "ChessBase"]
[SourceDate "2023.10.19"]
[SourceVersion "1"]
[SourceVersionDate "2023.10.19"]
[SourceQuality "1"]

1. e4 c6 2. d4 d5 3. e5 Bf5 4. Nf3 e6 5. Be2 c5 6. Be3 Qb6 7. Nc3 Nc6 8. 0-0 Qxb2 9. Qe1 cxd4 10. Bxd4 Nxd4 11. Nxd4 Bb4 12. Rb1 Bxc3 13. Rxb2 Bxe1 14. Rxe1 b6 15. h4 h5 16. Nxf5 exf5 17. c4 Ne7 18. Rd2 0-0-0 19. Red1 d4 20. f4 Ng6 1/2-1/2

[Event "LSS No Engine Cup 222 Preliminary 0"]
[Site "LSS email"]
[Date "2021.10.23"]
[Round "?"]
[White "Kolanek, Sylwia"]
[Black "Heiser, Jerome"]
[Result "1-0"]
[WhiteElo "2127"]
[BlackElo "732"]
[PlyCount "43"]
[EventDate "2021.10.23"]
[EventType "tourn (corr)"]
[EventRounds "6"]
[EventCountry "GER"]
[SourceTitle "Corr 2024"]
[Source "ChessBase"]
[SourceDate "2023.10.19"]
[SourceVersion "1"]
[SourceVersionDate "2023.10.19"]
[SourceQuality "1"]

1. Nf3 Nc6 2. d4 d5 3. c4 dxc4 4. d5 Nb4 5. Qa4+ Nc6 6. dxc6 bxc6 7. Qxc6+ Bd7 8. Qxc4 f6 9. a3 e5 10. e4 Bd6 11. Be3 Qb8 12. Qc2 Ne7 13. Bc4 a6 14. Nc3 Bb5 15. Be6 c6 16. Rd1 Ng6 17. Nxb5 axb5 18. Qxc6+ Kf8 19. Rxd6 b4 20. Bc5 Ne7 21. Rd7 Qc8 22. Bxe7+ 1-0